<?xml version="1.0" encoding="UTF-8"?>
<record
    xmlns:xsi="http://www.w3.org/2001/XMLSchema-instance"
    xsi:schemaLocation="http://www.loc.gov/MARC21/slim http://www.loc.gov/standards/marcxml/schema/MARC21slim.xsd"
    xmlns="http://www.loc.gov/MARC21/slim">

  <leader>01082nam a22001337a 4500</leader>
  <datafield tag="040" ind1=" " ind2=" ">
    <subfield code="c">RUA</subfield>
  </datafield>
  <datafield tag="082" ind1=" " ind2=" ">
    <subfield code="a">FIS NAO 2016 B462 Or.1</subfield>
  </datafield>
  <datafield tag="100" ind1=" " ind2=" ">
    <subfield code="a">NAO THOU &#x178E;&#x17C5; &#x1792;&#x17BC;</subfield>
  </datafield>
  <datafield tag="245" ind1=" " ind2=" ">
    <subfield code="a">the efficiency of pellet and formulated feed (protein 40%) on growth rate of red tail catfish (hemibagrus wychioides) culture, at samdech dechor hun sen national aquaculture development and research institute (nardi)&#x17A5;&#x1791;&#x17D2;&#x1792;&#x17B7;&#x1796;&#x179B;&#x1793;&#x17C3;&#x1780;&#x17B6;&#x179A;&#x1794;&#x17D2;&#x179A;&#x17BE;&#x1794;&#x17D2;&#x179A;&#x17B6;&#x179F;&#x17CB;&#x1785;&#x17C6;&#x178E;&#x17B8;&#x1782;&#x17D2;&#x179A;&#x17B6;&#x1794;&#x17CB; &#x1793;&#x17B7;&#x1784;&#x1785;&#x17C6;&#x178E;&#x17B8;&#x1795;&#x17D2;&#x179F;&#x17C6;&#x178A;&#x17C2;&#x179B;&#x1798;&#x17B6;&#x1793;&#x1780;&#x1798;&#x17D2;&#x179A;&#x17B7;&#x178F;&#x1794;&#x17D2;&#x179A;&#x17BC;&#x178F;&#x17C1;&#x17A2;&#x17CA;&#x17B8;&#x1793; &#x17E4;&#x17E0;% &#x1791;&#x17C5;&#x179B;&#x17BE;&#x1780;&#x17B6;&#x179A;&#x179B;&#x17BC;&#x178F;&#x179B;&#x17B6;&#x179F;&#x17CB;&#x179A;&#x1794;&#x179F;&#x17CB;&#x178F;&#x17D2;&#x179A;&#x17B8;&#x1781;&#x17D2;&#x1799;&#x17B6;&#x1780;&#x17D2;&#x179A;&#x17A0;&#x1798;&#x1793;&#x17C5;&#x179C;&#x17B7;&#x1791;&#x17D2;&#x1799;&#x17B6;&#x179F;&#x17D2;&#x1790;&#x17B6;&#x1793;&#x1787;&#x17B6;&#x178F;&#x17B7;&#x179F;&#x17D2;&#x179A;&#x17B6;&#x179C;&#x1787;&#x17D2;&#x179A;&#x17B6;&#x179C; &#x1793;&#x17B7;&#x1784;&#x17A2;&#x1797;&#x17B7;&#x179C;&#x178C;&#x17D2;&#x178D;&#x1793;&#x17CD;&#x179C;&#x17B6;&#x179A;&#x17B8;&#x179C;&#x1794;&#x17D2;&#x1794;&#x1780;&#x1798;&#x17D2;&#x1798;&#x179F;&#x1798;&#x17D2;&#x178F;&#x17C1;&#x1785;&#x178F;&#x17C1;&#x1787;&#x17C4; &#x17A0;&#x17CA;&#x17BB;&#x1793; &#x179F;&#x17C2;&#x1793;</subfield>
  </datafield>
  <datafield tag="260" ind1=" " ind2=" ">
    <subfield code="a">RUA</subfield>
    <subfield code="b">Phnom penh</subfield>
    <subfield code="c">2016</subfield>
  </datafield>
  <datafield tag="300" ind1=" " ind2=" ">
    <subfield code="a">x;28p</subfield>
    <subfield code="b">ill;</subfield>
    <subfield code="c">29cm</subfield>
  </datafield>
  <datafield tag="856" ind1=" " ind2=" ">
    <subfield code="u">https://drive.google.com/file/d/1yg5oyYe3T1QpXuMDix71oNGOVM0EmAmS/view?usp=sharing</subfield>
  </datafield>
  <datafield tag="942" ind1=" " ind2=" ">
    <subfield code="c">FIS</subfield>
  </datafield>
  <datafield tag="999" ind1=" " ind2=" ">
    <subfield code="c">18815</subfield>
    <subfield code="d">18815</subfield>
  </datafield>
  <datafield tag="952" ind1=" " ind2=" ">
    <subfield code="0">0</subfield>
    <subfield code="1">0</subfield>
    <subfield code="4">0</subfield>
    <subfield code="6">FIS_NAO_2016_000000000000000_B462_OR_1</subfield>
    <subfield code="7">0</subfield>
    <subfield code="9">83380</subfield>
    <subfield code="a">LBB</subfield>
    <subfield code="b">LBB</subfield>
    <subfield code="c">B531</subfield>
    <subfield code="d">2020-01-27</subfield>
    <subfield code="o">FIS NAO 2016 B462 Or.1</subfield>
    <subfield code="p">A41722</subfield>
    <subfield code="r">2020-01-27</subfield>
    <subfield code="y">FIS</subfield>
  </datafield>
  <datafield tag="952" ind1=" " ind2=" ">
    <subfield code="0">0</subfield>
    <subfield code="1">0</subfield>
    <subfield code="4">0</subfield>
    <subfield code="6">FIS_NAO_2016_000000000000000_B462_OR_2</subfield>
    <subfield code="7">0</subfield>
    <subfield code="9">83381</subfield>
    <subfield code="a">LBB</subfield>
    <subfield code="b">LBB</subfield>
    <subfield code="c">B531</subfield>
    <subfield code="d">2020-01-27</subfield>
    <subfield code="o">FIS NAO 2016 B462 Or.2</subfield>
    <subfield code="p">A41604</subfield>
    <subfield code="r">2020-01-27</subfield>
    <subfield code="y">FIS</subfield>
  </datafield>
  <datafield tag="952" ind1=" " ind2=" ">
    <subfield code="0">0</subfield>
    <subfield code="1">0</subfield>
    <subfield code="4">0</subfield>
    <subfield code="6">FIS_NAO_2016_000000000000000_B462_OR_3</subfield>
    <subfield code="7">0</subfield>
    <subfield code="9">83382</subfield>
    <subfield code="a">LBB</subfield>
    <subfield code="b">LBB</subfield>
    <subfield code="c">B531</subfield>
    <subfield code="d">2020-01-27</subfield>
    <subfield code="l">1</subfield>
    <subfield code="o">FIS NAO 2016 B462 Or.3</subfield>
    <subfield code="p">A41826</subfield>
    <subfield code="r">2024-01-11</subfield>
    <subfield code="s">2024-01-08</subfield>
    <subfield code="y">FIS</subfield>
  </datafield>
  <datafield tag="952" ind1=" " ind2=" ">
    <subfield code="0">0</subfield>
    <subfield code="1">0</subfield>
    <subfield code="4">0</subfield>
    <subfield code="6">FIS_NAO_2016_000000000000000_B462_OR_4</subfield>
    <subfield code="7">0</subfield>
    <subfield code="9">83383</subfield>
    <subfield code="a">LBB</subfield>
    <subfield code="b">LBB</subfield>
    <subfield code="c">B531</subfield>
    <subfield code="d">2020-01-27</subfield>
    <subfield code="l">1</subfield>
    <subfield code="o">FIS NAO 2016 B462 Or.4</subfield>
    <subfield code="p">A41555</subfield>
    <subfield code="r">2024-07-05</subfield>
    <subfield code="s">2024-06-17</subfield>
    <subfield code="y">FIS</subfield>
  </datafield>
  <datafield tag="952" ind1=" " ind2=" ">
    <subfield code="0">0</subfield>
    <subfield code="1">0</subfield>
    <subfield code="4">0</subfield>
    <subfield code="6">FIS_NAO_2016_000000000000000_B462_OR_5</subfield>
    <subfield code="7">0</subfield>
    <subfield code="9">83384</subfield>
    <subfield code="a">LBB</subfield>
    <subfield code="b">LBB</subfield>
    <subfield code="c">B531</subfield>
    <subfield code="d">2020-01-27</subfield>
    <subfield code="l">2</subfield>
    <subfield code="o">FIS NAO 2016 B462 Or.5</subfield>
    <subfield code="p">A41799</subfield>
    <subfield code="r">2021-12-08</subfield>
    <subfield code="s">2021-11-30</subfield>
    <subfield code="y">FIS</subfield>
  </datafield>
  <datafield tag="952" ind1=" " ind2=" ">
    <subfield code="0">0</subfield>
    <subfield code="1">0</subfield>
    <subfield code="4">0</subfield>
    <subfield code="6">FIS_NAO_2016_000000000000000_B462_OR_6</subfield>
    <subfield code="7">0</subfield>
    <subfield code="9">83385</subfield>
    <subfield code="a">LBB</subfield>
    <subfield code="b">LBB</subfield>
    <subfield code="c">B531</subfield>
    <subfield code="d">2020-01-27</subfield>
    <subfield code="l">2</subfield>
    <subfield code="o">FIS NAO 2016 B462 Or.6</subfield>
    <subfield code="p">A064305</subfield>
    <subfield code="r">2024-01-31</subfield>
    <subfield code="s">2024-01-29</subfield>
    <subfield code="y">FIS</subfield>
  </datafield>
</record>
